000 00518nam a2200157 i 4500
001 58707
003 ES-MaACL
005 20230906163851.0
007 t|
008 031023s1902 sp ||||1| spa d
100 1 _aDusmet y Alonso, José María.
_946341
245 1 0 _aNoticia de lo publicado en 1901 [ y 1902] sobre entomología de España /
_cJosé Mª Dusmet y Alonso.
260 _aMadrid :
_b[s.n.,
_c1902]
500 _aDel Boletín de la Sociedad Española de Historia Natural.
852 _aES-MaACL
_jT-1474-F-3
999 _c58707
_d58707